اردو شاعری اور تصو ف : (Record no. 195915)
[ view plain ]
| 000 -LEADER | |
|---|---|
| fixed length control field | 00757nam a22002057a 4500 |
| 005 - DATE AND TIME OF LATEST TRANSACTION | |
| control field | 20230607105221.0 |
| 010 ## - LCCN (DPL NO) | |
| LC control number | UR-11972 UR-12028 |
| 020 ## - INTERNATIONAL STANDARD BOOK NUMBER | |
| Terms of availability | 225.00 |
| 035 ## - SYSTEM CONTROL NUMBER | |
| System control number | U-10527 |
| 035 ## - SYSTEM CONTROL NUMBER | |
| System control number | U-10583 |
| 037 ## - SOURCE OF ACQUISITION | |
| Source of stock number/acquisition | DBAD/PUB |
| 082 ## - DEWEY DECIMAL CLASSIFICATION NUMBER | |
| Classification number | 841 |
| 100 ## - MAIN ENTRY--PERSONAL NAME | |
| Personal name | فا رو قی ، عبد القا در غیاث الدین |
| 245 ## - TITLE STATEMENT | |
| Title | اردو شاعری اور تصو ف : |
| Remainder of title | تا ریخی و تنقید ی جایز ہ / |
| Statement of responsibility, etc | عبد القا در غیاث الدین فاروقی |
| 246 ## - VARYING FORM OF TITLE | |
| Title proper/short title | Urdu Shayari aur Tasawwuf / |
| Remainder of title | by Abdul Qadir Ghyasuddin Faruqui |
| 260 ## - PUBLICATION, DISTRIBUTION, ETC. (IMPRINT) | |
| Place of publication, distribution, etc | Hyderabad |
| Name of publisher, distributor, etc | Abul Wafa Al-Afghani |
| Date of publication, distribution, etc | 2009 ء |
| 270 ## - ADDRESS | |
| Address | Jamina Nizamia, Shibligunj |
| City | Hderabad |
| 300 ## - PHYSICAL DESCRIPTION | |
| Extent | 679 ص |
| Dimensions | 22cm(Hb) |
| 942 ## - ADDED ENTRY ELEMENTS (KOHA) | |
| Source of classification or shelving scheme | Dewey Decimal Classification |
| Item type | Urdu Bks |
| Classification part | 841 |
| Call number suffix | ف ا ر |
| Withdrawn status | Lost status | Not for loan | Collection code | Home library | Current library | Date acquired | Source of acquisition | Cost, normal purchase price | Full call number | Barcode | Copy number | Cost, replacement price | Koha item type |
|---|---|---|---|---|---|---|---|---|---|---|---|---|---|
| Non-fiction | Ashok Vihar | Ashok Vihar | 07/06/2023 | DBAD/PUB | 225.00 | 841 ف ا ر | U-10583 | 1 | 225.00 | Urdu Bks | |||
| Non-fiction | Shahdara Branch | Shahdara Branch | 10/05/2023 | DBAD/PUB | 225.00 | 841 ف ا ر | U-10527 | 1 | 225.00 | Urdu Bks |
